000 00423nam a2200181Ia 4500
001 25326
005 20260414151142.0
008 260414t1997||||xx |||||||||||||| ||spa||
041 _aESP
082 _a346.494C
_bC73
100 _aChancellerie Fédérale
_eAUT
245 0 _aCode civil suisse
_b
260 _c1997
300 _a268 páginas :
_c21 cm.
650 _aDER
654 _aCDE
942 _cLIB
_dJUS
_fJUS
_2ddc
_n
999 _c25326
_d25326